[Event "Quebec-ch qual. 2"]
[Site "Montreal CAN"]
[Date "2006.05.19"]
[Round "1"]
[White "Gauthier, Denis"]
[Black "Bergeron, Rene"]
[Result "1-0"]
[WhiteElo "1992"]
[BlackElo "1422"]
[PlyCount "28"]
[EventDate "2006.05.19"]
[EventType "swiss"]
[EventRounds "5"]
[EventCountry "CAN"]

1. d4 Nf6 2. c4 e6 3. Nf3 a6 4. Nc3 c6 5. e4 b5 6. e5 Nh5 7. g4 Nf6 8. exf6
Qxf6 9. Bg5 Qg6 10. Bd3 f5 11. gxf5 exf5 12. Qe2+ Qe6 13. Bxf5 Qxe2+ 14. Kxe2
h6 1-0

[Event "Quebec-ch qual. 2"]
[Site "Montreal CAN"]
[Date "2006.05.19"]
[Round "1"]
[White "Leclair, Hugues"]
[Black "Le Duin, Thierry"]
[Result "1-0"]
[WhiteElo "1767"]
[BlackElo "2091"]
[PlyCount "53"]
[EventDate "2006.05.19"]
[EventType "swiss"]
[EventRounds "5"]
[EventCountry "CAN"]

1. e4 d5 2. exd5 Nf6 3. d4 Bg4 4. Be2 Bxe2 5. Qxe2 Qxd5 6. Nf3 e6 7. O-O Nc6 8.
Nc3 Nxd4 9. Nxd4 Qxd4 10. Rd1 Qb6 11. Be3 Qc6 12. Rd3 Bd6 13. Rad1 O-O-O 14.
Bxa7 b6 15. a4 Kb7 16. Nb5 Qe4 17. Qf1 Be7 18. a5 Rxd3 19. Rxd3 Nd5 20. Rd4
Qxc2 21. axb6 cxb6 22. Qe1 Bc5 23. Rd2 Bb4 24. Nd6+ Ka8 25. Qa1 Qc1+ 26. Qxc1
Bxd2 27. Qc6+ 1-0

[Event "Quebec-ch qual. 2"]
[Site "Montreal CAN"]
[Date "2006.05.19"]
[Round "1"]
[White "Maharisoa, Tantely"]
[Black "Plante, Michel"]
[Result "1/2-1/2"]
[WhiteElo "1520"]
[BlackElo "2009"]
[PlyCount "99"]
[EventDate "2006.05.19"]
[EventType "swiss"]
[EventRounds "5"]
[EventCountry "CAN"]

1. d4 d5 2. c4 e6 3. Nf3 c6 4. e3 Nf6 5. Nc3 Nbd7 6. Bd3 dxc4 7. Bxc4 b5 8. Bd3
Bb7 9. a3 b4 10. axb4 Bxb4 11. O-O Qe7 12. Ba6 Rb8 13. Bxb7 Rxb7 14. Qc2 c5 15.
Na2 O-O 16. Nxb4 cxb4 17. b3 Nb6 18. Bb2 Rc8 19. Qd3 Rbc7 20. Rfc1 Nfd5 21. Nd2
Nc3 22. Ne4 Nxe4 23. Qxe4 Nd5 24. Kf1 Qd6 25. g3 Rxc1+ 26. Rxc1 Rxc1+ 27. Bxc1
f5 28. Qd3 Qc6 29. Bb2 Nc3 30. Bxc3 bxc3 31. Qc2 e5 32. dxe5 Qb5+ 33. Ke1 Qxe5
34. Qd3 Qa5 35. Qc2 g6 36. h4 Kf7 37. f4 Ke6 38. e4 Qc5 39. exf5+ gxf5 40. Qe2+
Kd6 41. Kd1 Qg1+ 42. Kc2 Qxg3 43. Qa6+ Kd5 44. Qc4+ Kd6 45. Qd4+ Kc6 46. Qf6+
Kb7 47. Qf7+ Kc6 48. Qc4+ Kd6 49. Qd4+ Kc6 50. Qf6+ 1/2-1/2

[Event "Quebec-ch qual. 2"]
[Site "Montreal CAN"]
[Date "2006.05.19"]
[Round "1"]
[White "Michaud, Pierre"]
[Black "Blais, Richard"]
[Result "0-1"]
[WhiteElo "1343"]
[BlackElo "1849"]
[PlyCount "108"]
[EventDate "2006.05.19"]
[EventType "swiss"]
[EventRounds "5"]
[EventCountry "CAN"]

1. e4 e5 2. Nf3 Nc6 3. Bb5 d6 4. c3 Nf6 5. d3 Bd7 6. Nbd2 Be7 7. O-O O-O 8. Re1
a6 9. Ba4 b5 10. Bb3 Na5 11. Bc2 c5 12. b3 Nc6 13. Bb2 Ne8 14. d4 Bf6 15. d5
Ne7 16. Nf1 g6 17. Ng3 Bg7 18. Qe2 f5 19. exf5 Nxf5 20. Nxf5 gxf5 21. Rad1 e4
22. Nd2 Qa5 23. Bb1 Bxc3 24. Bxc3 Qxc3 25. Nf1 Qg7 26. Qe3 Nf6 27. Qf4 Ne8 28.
Re3 Kh8 29. Rg3 Qf6 30. Rh3 Rg8 31. Ng3 Qg5 32. Qxg5 Rxg5 33. Rh5 Rxh5 34. Nxh5
Kg8 35. Nf4 Kf7 36. Re1 Nf6 37. g3 Re8 38. h3 Re5 39. Rd1 Bc8 40. Rd2 Bb7 41.
Ne6 Rxd5 42. Rxd5 Bxd5 43. Nf4 Bc6 44. Kf1 d5 45. Ke1 d4 46. Kd2 Nd5 47. Ne2
Kf6 48. g4 Nc3 49. Nxc3 dxc3+ 50. Kxc3 fxg4 51. hxg4 Kg5 52. f3 exf3 53. Bxh7
f2 54. Bd3 Bg2 0-1

[Event "Quebec-ch qual. 2"]
[Site "Montreal CAN"]
[Date "2006.05.19"]
[Round "1"]
[White "Moore, Ronald"]
[Black "Malveau, Cedric"]
[Result "0-1"]
[WhiteElo "1659"]
[BlackElo "2041"]
[PlyCount "98"]
[EventDate "2006.05.19"]
[EventType "swiss"]
[EventRounds "5"]
[EventCountry "CAN"]

1. d4 Nf6 2. Bg5 Ne4 3. Bf4 c5 4. f3 Qa5+ 5. c3 Nf6 6. d5 Qb6 7. b3 d6 8. e4 g6
9. Bd3 Bg7 10. Qd2 h6 11. Na3 Nh5 12. Nc4 Qc7 13. Rc1 b5 14. Na3 a6 15. Be3 Nd7
16. f4 Nb6 17. Nf3 Nf6 18. h3 h5 19. O-O Nfd7 20. Ng5 Bb7 21. f5 gxf5 22. Rxf5
Nf6 23. Bf4 Bc8 24. e5 Bxf5 25. exf6 exf6 26. Bxf5 fxg5 27. Bxg5 Nd7 28. Qe2+
Ne5 29. Nc2 f6 30. Bh4 Qe7 31. Be6 Ng6 32. Qf2 Nxh4 33. Qxh4 f5 34. Qg3 Be5 35.
Qg6+ Kd8 36. Ne3 Qf6 37. Qxf6+ Bxf6 38. Nxf5 Kc7 39. c4 b4 40. Rf1 Rhf8 41. Re1
a5 42. Nh6 a4 43. bxa4 Rxa4 44. Re2 Bd4+ 45. Kh2 Rf2 46. Rxf2 Bxf2 47. g4 Rxa2
48. Kh1 hxg4 49. Nxg4 Bd4 0-1

[Event "Quebec-ch qual. 2"]
[Site "Montreal CAN"]
[Date "2006.05.19"]
[Round "1"]
[White "Rondon, Luciano"]
[Black "Bolduc, Rene"]
[Result "1-0"]
[WhiteElo "1898"]
[BlackElo "1409"]
[PlyCount "52"]
[EventDate "2006.05.19"]
[EventType "swiss"]
[EventRounds "5"]
[EventCountry "CAN"]

1. d4 d5 2. c4 dxc4 3. Nf3 e6 4. e3 Nf6 5. Bxc4 c6 6. O-O Be7 7. Nc3 O-O 8. e4
Nbd7 9. Qe2 Qa5 10. e5 Nd5 11. Bd2 Nxc3 12. bxc3 b5 13. Bd3 f5 14. exf6 Nxf6
15. a4 bxa4 16. c4 Qh5 17. Rxa4 Bd6 18. Bb4 c5 19. dxc5 Bxc5 20. Ra5 Nd7 21.
Bxc5 Nxc5 22. Qe3 Rxf3 23. gxf3 Bd7 24. Rxc5 Qh3 25. Rc7 e5 26. Qe4 g6 1-0

[Event "Quebec-ch qual. 2"]
[Site "Montreal CAN"]
[Date "2006.05.20"]
[Round "2"]
[White "Aroutiunian, Tigran"]
[Black "Leclair, Hugues"]
[Result "1-0"]
[WhiteElo "2123"]
[BlackElo "1767"]
[PlyCount "73"]
[EventDate "2006.05.19"]
[EventType "swiss"]
[EventRounds "5"]
[EventCountry "CAN"]

1. e4 d5 2. exd5 Qxd5 3. Nc3 Qa5 4. Bc4 Nf6 5. d4 c6 6. Nf3 Bf5 7. O-O e6 8.
Bf4 Nbd7 9. a3 Qd8 10. Re1 Nb6 11. Bb3 Nbd5 12. Bg5 Be7 13. Ne2 b5 14. Ne5 Qc7
15. c4 bxc4 16. Ba4 O-O 17. Nxc6 Bd6 18. Ng3 Bd3 19. Ne5 Bxe5 20. dxe5 Nd7 21.
Bxd7 Qxd7 22. Ne4 Rab8 23. Nc5 Qb5 24. b4 Rfc8 25. a4 Qe8 26. Nxd3 cxd3 27. b5
Nb4 28. Rb1 a5 29. Bd2 Nc2 30. Re4 Qd8 31. Qg4 Kf8 32. Rf4 Qd5 33. Qh5 g6 34.
Qxh7 Qd7 35. Rf3 Qc7 36. Bh6+ Ke8 37. Qg8+ 1-0

[Event "Quebec-ch qual. 2"]
[Site "Montreal CAN"]
[Date "2006.05.20"]
[Round "2"]
[White "Bolduc, Rene"]
[Black "Moore, Ronald"]
[Result "1/2-1/2"]
[WhiteElo "1409"]
[BlackElo "1659"]
[PlyCount "81"]
[EventDate "2006.05.19"]
[EventType "swiss"]
[EventRounds "5"]
[EventCountry "CAN"]

1. d4 f5 2. c4 Nf6 3. Nc3 e6 4. g3 d5 5. Bg5 c6 6. cxd5 exd5 7. Bg2 Be7 8. Nf3
O-O 9. Qb3 Ne4 10. Bxe7 Qxe7 11. Ne5 Bd7 12. f3 Nf6 13. O-O Na6 14. Nd3 Rac8
15. Qa4 g5 16. Nc5 Nxc5 17. Qa3 Rf7 18. Qxc5 b6 19. Qxe7 Rxe7 20. e4 f4 21.
Rae1 Rd8 22. e5 Nh5 23. g4 Ng7 24. Re2 h5 25. h3 Bc8 26. Rc1 Ne6 27. Rd2 Rh7
28. b4 b5 29. a4 a6 30. Bf1 hxg4 31. hxg4 Bb7 32. axb5 cxb5 33. Ne2 Rc8 34.
Rxc8+ Bxc8 35. Rc2 Rc7 36. Rxc7 Nxc7 37. Nc3 Bb7 38. Bd3 Ne6 39. Ne2 Nd8 40.
Nc3 Ne6 41. Ne2 1/2-1/2

[Event "Quebec-ch qual. 2"]
[Site "Montreal CAN"]
[Date "2006.05.20"]
[Round "2"]
[White "Gilbert, Erick"]
[Black "Maharisoa, Tantely"]
[Result "1-0"]
[WhiteElo "1860"]
[BlackElo "1520"]
[PlyCount "86"]
[EventDate "2006.05.19"]
[EventType "swiss"]
[EventRounds "5"]
[EventCountry "CAN"]

1. Nf3 d5 2. d4 c5 3. e3 Nf6 4. Nbd2 e6 5. c3 Nc6 6. Bd3 Bd6 7. O-O O-O 8. Re1
a6 9. a4 Qa5 10. e4 Nd7 11. e5 Be7 12. Nf1 cxd4 13. cxd4 Nb4 14. Bb1 Re8 15.
Ng5 Nf8 16. Qh5 g6 17. Qf3 Bxg5 18. Bxg5 f5 19. Bd2 Qb6 20. a5 Qb5 21. Qc3 Bd7
22. Qxb4 Qxb4 23. Bxb4 Bb5 24. Bc2 Rac8 25. Rec1 Rc6 26. Bb3 Rec8 27. Rxc6 Rxc6
28. Bc3 b6 29. axb6 Rxb6 30. Ba4 Bd3 31. Rd1 Be2 32. Rd2 Bh5 33. Ng3 Kg7 34.
Nxh5+ gxh5 35. Ba5 Rb7 36. Rc2 Kg6 37. b3 h4 38. h3 h5 39. Bd8 f4 40. Bxh4 Kf5
41. f3 Ng6 42. Rc6 Rg7 43. b4 Rb7 1-0

[Event "Quebec-ch qual. 2"]
[Site "Montreal CAN"]
[Date "2006.05.20"]
[Round "2"]
[White "Kieu, Marc-Andre"]
[Black "Michaud, Pierre"]
[Result "0-1"]
[WhiteElo "1700"]
[BlackElo "1343"]
[PlyCount "94"]
[EventDate "2006.05.19"]
[EventType "swiss"]
[EventRounds "5"]
[EventCountry "CAN"]

1. e4 c5 2. Nf3 d6 3. d4 cxd4 4. Nxd4 Nf6 5. Nc3 a6 6. a4 e6 7. Be3 Be7 8. Be2
Qc7 9. O-O Nbd7 10. f4 b6 11. Bf3 Bb7 12. Nb3 Nc5 13. Nxc5 bxc5 14. f5 O-O 15.
g4 d5 16. exd5 exd5 17. g5 Ne4 18. Bxe4 dxe4 19. Qg4 Rfe8 20. f6 Bf8 21. Ne2
Bc8 22. Qg2 Qe5 23. b3 Bb7 24. Nf4 Rad8 25. Nh5 g6 26. Ng3 Rd7 27. Rae1 Qc7 28.
Rf4 Bd6 29. Rh4 Bxg3 30. hxg3 Red8 31. Qh3 h5 32. g4 Rd1 33. Rxd1 Rxd1+ 34. Kf2
Qa5 35. Kg3 Qe1+ 36. Kf4 Qa5 37. Kg3 Qc3 38. Kg2 Qxc2+ 39. Kg3 Qe2 40. Kf4 Rf1+
41. Ke5 Rf3 42. Bxc5 Rxh3 43. Rxh3 Qxg4 44. Rc3 Qxg5+ 45. Kd4 Qxf6+ 46. Kc4 Qe5
47. Kb4 a5+ 0-1

[Event "Quebec-ch qual. 2"]
[Site "Montreal CAN"]
[Date "2006.05.20"]
[Round "2"]
[White "Le Duin, Thierry"]
[Black "Bergeron, Rene"]
[Result "1-0"]
[WhiteElo "2091"]
[BlackElo "1422"]
[PlyCount "67"]
[EventDate "2006.05.19"]
[EventType "swiss"]
[EventRounds "5"]
[EventCountry "CAN"]

1. d4 Nf6 2. Nf3 d5 3. c3 e6 4. Bg5 h6 5. Bh4 c5 6. e3 c4 7. b3 b5 8. a4 Bd7 9.
axb5 Bxb5 10. bxc4 dxc4 11. Bxc4 Bxc4 12. Qa4+ Nbd7 13. Qxc4 Be7 14. O-O O-O
15. h3 Nd5 16. Bg3 N7b6 17. Qe2 Bd6 18. Bxd6 Qxd6 19. c4 Nxc4 20. Qxc4 Rfc8 21.
Qa4 Rc7 22. Nbd2 Rac8 23. Ne4 Qb6 24. Nc5 Nc3 25. Qa5 Ne2+ 26. Kh1 Qd6 27. Rae1
Rxc5 28. dxc5 Rxc5 29. Qxa7 Nc3 30. Nd4 Nd5 31. Rc1 Nc3 32. Rc2 e5 33. Nf5 Qf8
34. Ne7+ 1-0

[Event "Quebec-ch qual. 2"]
[Site "Montreal CAN"]
[Date "2006.05.20"]
[Round "2"]
[White "Morissette, Jean"]
[Black "Libersan, Thierry"]
[Result "1-0"]
[WhiteElo "1980"]
[BlackElo "2174"]
[PlyCount "99"]
[EventDate "2006.05.19"]
[EventType "swiss"]
[EventRounds "5"]
[EventCountry "CAN"]

1. d4 Nf6 2. Bg5 c5 3. Bxf6 gxf6 4. d5 f5 5. e3 Bg7 6. c3 a6 7. a4 Qb6 8. Qc2
e6 9. a5 Qd6 10. c4 exd5 11. cxd5 Qxd5 12. Nf3 O-O 13. Bc4 Qe4 14. Bd3 Qb4+ 15.
Nc3 Qg4 16. O-O d6 17. Ra4 Qh5 18. Rh4 Qg6 19. Rh3 Nc6 20. Nd5 Kh8 21. Rg3 Qh5
22. Rg5 Qh6 23. Bxf5 Bxf5 24. Qxf5 Ne5 25. Nxe5 Bxe5 26. f4 Bg7 27. Rf3 Qe6 28.
Qc2 Rac8 29. Rh3 f5 30. Rxg7 Kxg7 31. Qc3+ Kf7 32. Rxh7+ Ke8 33. Qb3 Qe4 34.
Kf2 c4 35. Qa4+ Rc6 36. Qd1 Kd8 37. Rxb7 Kc8 38. Rh7 Re8 39. Qd2 Qd3 40. Ke1
Qxd2+ 41. Kxd2 Kb8 42. Nb4 Rcc8 43. Nxa6+ Ka8 44. Nc7+ Rxc7 45. Rxc7 Rg8 46. g3
Rh8 47. h4 Rg8 48. h5 Rh8 49. Kc3 Rxh5 50. Kxc4 1-0

[Event "Quebec-ch qual. 2"]
[Site "Montreal CAN"]
[Date "2006.05.20"]
[Round "2"]
[White "O'Connor, Michael"]
[Black "Gauthier, Denis"]
[Result "0-1"]
[WhiteElo "1826"]
[BlackElo "1992"]
[PlyCount "115"]
[EventDate "2006.05.19"]
[EventType "swiss"]
[EventRounds "5"]
[EventCountry "CAN"]

1. d4 Nf6 2. Nf3 e6 3. c4 b6 4. Bg5 Bb4+ 5. Nc3 h6 6. Bxf6 Qxf6 7. e3 Bb7 8.
Be2 O-O 9. O-O Bxc3 10. bxc3 d6 11. Qa4 Qe7 12. Rae1 Nd7 13. Nd2 e5 14. e4 c5
15. d5 Rfe8 16. Bd3 g5 17. Nb1 Nf8 18. Na3 Ng6 19. Qd1 Bc8 20. Nc2 Qf6 21. Ne3
Kg7 22. Be2 Qf4 23. Bg4 Bxg4 24. Qxg4 Qxg4 25. Nxg4 Nh4 26. Ne3 Rf8 27. Nf5+
Nxf5 28. exf5 Kf6 29. g4 h5 30. f3 Rh8 31. h3 Rh7 32. Kg2 Rah8 33. Rh1 hxg4 34.
fxg4 Rb8 35. Re3 Rhh8 36. a4 a6 37. Rb1 Rb7 38. Kg3 Rhb8 39. h4 gxh4+ 40. Kxh4
Rh8+ 41. Kg3 Kg5 42. Re2 Rh4 43. Re4 Rb8 44. Rg1 Rbh8 45. Kf3 Rh3+ 46. Rg3 Rh2
47. Re2 Rxe2 48. Kxe2 Rh2+ 49. Kf3 Rc2 50. Ke4 Re2+ 51. Kf3 Ra2 52. Rh3 Rxa4
53. Rh5+ Kf6 54. Rh6+ Ke7 55. g5 Rxc4 56. Rh7 Rf4+ 57. Kg3 Rxf5 58. Kg4 0-1

[Event "Quebec-ch qual. 2"]
[Site "Montreal CAN"]
[Date "2006.05.20"]
[Round "2"]
[White "Plante, Michel"]
[Black "Dominique, Vladimir"]
[Result "0-1"]
[WhiteElo "2009"]
[BlackElo "1734"]
[PlyCount "52"]
[EventDate "2006.05.19"]
[EventType "swiss"]
[EventRounds "5"]
[EventCountry "CAN"]

1. d4 d5 2. Nf3 Nf6 3. e3 e6 4. Nbd2 c5 5. c3 Nc6 6. Bd3 Bd6 7. O-O cxd4 8.
exd4 O-O 9. Qe2 Bd7 10. Ne5 Rb8 11. f4 Na5 12. Rf3 b5 13. Rh3 g6 14. Ndf3 b4
15. Ng5 bxc3 16. bxc3 Qc7 17. Nxh7 Nxh7 18. Nxg6 fxg6 19. Rxh7 Rf7 20. Rh6 Rg7
21. Bxg6 Qxc3 22. g3 Qxd4+ 23. Kg2 Bc5 24. Qh5 Qf2+ 25. Kh3 Qf1+ 26. Kg4 Qd1+
0-1

[Event "Quebec-ch qual. 2"]
[Site "Montreal CAN"]
[Date "2006.05.20"]
[Round "2"]
[White "Rondon, Luciano"]
[Black "Arsenault, Nicolas"]
[Result "1/2-1/2"]
[WhiteElo "1898"]
[BlackElo "2073"]
[PlyCount "62"]
[EventDate "2006.05.19"]
[EventType "swiss"]
[EventRounds "5"]
[EventCountry "CAN"]

1. d4 e6 2. c4 Bb4+ 3. Bd2 a5 4. Nf3 Nf6 5. Qa4 Qe7 6. a3 Bxd2+ 7. Nbxd2 O-O 8.
e3 d6 9. Be2 e5 10. dxe5 dxe5 11. O-O Bd7 12. Qc2 c5 13. Nb1 Bc6 14. Nc3 e4 15.
Nd2 Nbd7 16. Rfd1 Rad8 17. Nf1 h5 18. Ng3 g6 19. Nd5 Qe5 20. Qc3 Qxc3 21. Nxc3
h4 22. Nf1 Ne5 23. Nd2 b6 24. Rab1 Rd7 25. b4 axb4 26. axb4 Rfd8 27. b5 Bb7 28.
Nb3 Rxd1+ 29. Rxd1 Rxd1+ 30. Nxd1 Ne8 31. Nc3 Nd6 1/2-1/2

[Event "Quebec-ch qual. 2"]
[Site "Montreal CAN"]
[Date "2006.05.20"]
[Round "3"]
[White "Arsenault, Nicolas"]
[Black "Goldner, John"]
[Result "1-0"]
[WhiteElo "2073"]
[BlackElo "1845"]
[PlyCount "69"]
[EventDate "2006.05.19"]
[EventType "swiss"]
[EventRounds "5"]
[EventCountry "CAN"]

1. e4 e5 2. Nf3 Nc6 3. Nc3 Nf6 4. g3 Bb4 5. Bg2 O-O 6. O-O Re8 7. d3 Bxc3 8.
bxc3 h6 9. c4 d6 10. Rb1 b6 11. h3 Be6 12. Nh4 Qd7 13. Kh2 Rad8 14. f4 Qe7 15.
f5 Bc8 16. Nf3 Nb8 17. g4 Nh7 18. h4 f6 19. Rg1 Kf7 20. g5 hxg5 21. hxg5 fxg5
22. Nxg5+ Kg8 23. Nxh7 Qh4+ 24. Bh3 Qxh7 25. Rg5 Kf8 26. Rh5 Qg8 27. Bg5 Rd7
28. Qg4 Kf7 29. Bh4 a6 30. Qg6+ Kf8 31. Rh7 Nc6 32. Qh5 Nd4 33. Rh8 Rf7 34. Qh7
Nf3+ 35. Kg3 1-0

[Event "Quebec-ch qual. 2"]
[Site "Montreal CAN"]
[Date "2006.05.20"]
[Round "3"]
[White "Blais, Richard"]
[Black "Aroutiunian, Tigran"]
[Result "0-1"]
[WhiteElo "1849"]
[BlackElo "2123"]
[PlyCount "96"]
[EventDate "2006.05.19"]
[EventType "swiss"]
[EventRounds "5"]
[EventCountry "CAN"]

1. e4 e5 2. Bc4 Bc5 3. Nc3 Nf6 4. d3 h6 5. Nf3 d6 6. Be3 Bxe3 7. fxe3 c6 8. Qe2
b5 9. Bb3 a5 10. a3 Bg4 11. O-O Nbd7 12. Qf2 Bxf3 13. Qxf3 Qe7 14. Ne2 h5 15.
Ng3 g6 16. Nh1 O-O-O 17. c4 Rh7 18. cxb5 cxb5 19. a4 b4 20. Bc4 Kb8 21. Bb5 Ne8
22. Rac1 Nc5 23. Bxe8 Qxe8 24. Qd1 Qe6 25. Nf2 f5 26. Qc2 Qb3 27. Qd1 Qxd1 28.
Rfxd1 fxe4 29. dxe4 Rc7 30. Rd5 Nb3 31. Rxc7 Kxc7 32. Nd3 Ra8 33. g3 Kc6 34.
Kf2 g5 35. h3 g4 36. h4 Rf8+ 37. Ke2 Rf3 38. Rxe5 Nc1+ 39. Kd2 Nxd3 40. Rxh5
Ne5 41. Rh8 Rxg3 42. h5 Rh3 43. h6 Nf7 44. Ra8 Rxh6 45. Rxa5 g3 46. Ke2 g2 47.
Kf2 Rg6 48. Kg1 Ne5 0-1

[Event "Quebec-ch qual. 2"]
[Site "Montreal CAN"]
[Date "2006.05.20"]
[Round "3"]
[White "Chesnut, Walter"]
[Black "Le Duin, Thierry"]
[Result "0-1"]
[WhiteElo "1420"]
[BlackElo "2091"]
[PlyCount "46"]
[EventDate "2006.05.19"]
[EventType "swiss"]
[EventRounds "5"]
[EventCountry "CAN"]

1. d4 Nf6 2. c4 c5 3. d5 b5 4. cxb5 a6 5. Nc3 axb5 6. Bg5 b4 7. Bxf6 gxf6 8.
Ne4 d6 9. Ng3 Qa5 10. Qd2 h5 11. e3 h4 12. Ne4 Nd7 13. Nf3 Nb6 14. b3 f5 15.
Neg5 Bg7 16. Rc1 Bc3 17. Rxc3 bxc3 18. Qc2 Nxd5 19. Bc4 Qxa2 20. Bb5+ Kf8 21.
Qxa2 Rxa2 22. O-O Nb4 23. Rc1 c2 0-1

[Event "Quebec-ch qual. 2"]
[Site "Montreal CAN"]
[Date "2006.05.20"]
[Round "3"]
[White "Dominique, Vladimir"]
[Black "Rondon, Luciano"]
[Result "1-0"]
[WhiteElo "1734"]
[BlackElo "1898"]
[PlyCount "47"]
[EventDate "2006.05.19"]
[EventType "swiss"]
[EventRounds "5"]
[EventCountry "CAN"]

1. e4 c5 2. Nf3 d6 3. d4 cxd4 4. Nxd4 Nf6 5. Nc3 a6 6. Bg5 e6 7. f4 Be7 8. Qf3
Qc7 9. O-O-O O-O 10. g4 Nbd7 11. Bxf6 Bxf6 12. g5 Be7 13. Qh5 d5 14. e5 b5 15.
Rd3 Rd8 16. Rh3 Nf8 17. Bd3 g6 18. Qh6 Bd7 19. Nd1 Qb6 20. Nb3 Qc7 21. Ne3 Be8
22. Ng4 f5 23. gxf6 Bc5 24. Nxc5 1-0

[Event "Quebec-ch qual. 2"]
[Site "Montreal CAN"]
[Date "2006.05.20"]
[Round "3"]
[White "Furger, Josef"]
[Black "Kieu, Marc-Andre"]
[Result "1-0"]
[WhiteElo "1253"]
[BlackElo "1700"]
[PlyCount "107"]
[EventDate "2006.05.19"]
[EventType "swiss"]
[EventRounds "5"]
[EventCountry "CAN"]

1. f4 e5 2. fxe5 d6 3. exd6 Bxd6 4. Nf3 g5 5. g3 g4 6. Nh4 Nc6 7. c3 Qf6 8. d4
Nge7 9. e4 Ng6 10. Ng2 Qe7 11. Qe2 f6 12. Bh6 Bd7 13. Nd2 O-O-O 14. Ne3 Qf7 15.
Bg2 Nge7 16. Rf1 Qg6 17. Bf4 Bxf4 18. Rxf4 h5 19. O-O-O Qf7 20. Kb1 Ng6 21. Rf2
Nce7 22. Rdf1 Ng8 23. b3 Qh7 24. Kb2 N6e7 25. d5 Qg7 26. Qc4 Kb8 27. Qe2 Qg5
28. Nec4 f5 29. Ne5 Nh6 30. Nxd7+ Rxd7 31. exf5 Nhxf5 32. Qe6 Rhd8 33. Ne4 Qe3
34. Nf6 Qxe6 35. dxe6 Rd2+ 36. Ka3 Ne3 37. Rxd2 Rxd2 38. Nd7+ Rxd7 39. Rf8+ Rd8
40. Rxd8+ Nc8 41. e7 Nf5 42. e8=Q Nfd6 43. Qxh5 a6 44. Qxg4 Nb5+ 45. Kb2 Nbd6
46. Bh3 Ka7 47. Rxc8 c5 48. c4 a5 49. a4 Kb6 50. Qg6 Ka7 51. Rxc5 b5 52. Qxd6
b4 53. Rc7+ Kb8 54. Qd8# 1-0

[Event "Quebec-ch qual. 2"]
[Site "Montreal CAN"]
[Date "2006.05.20"]
[Round "3"]
[White "Libersan, Thierry"]
[Black "Leclair, Hugues"]
[Result "1-0"]
[WhiteElo "2174"]
[BlackElo "1767"]
[PlyCount "77"]
[EventDate "2006.05.19"]
[EventType "swiss"]
[EventRounds "5"]
[EventCountry "CAN"]

1. e4 d5 2. exd5 Qxd5 3. Nc3 Qa5 4. d4 c6 5. Bc4 Nf6 6. Bb3 Bg4 7. f3 Bh5 8.
Bd2 e6 9. g4 Bg6 10. g5 Nfd7 11. Qe2 Qa6 12. O-O-O Qxe2 13. Ngxe2 Bb4 14. h4
Bh5 15. Rdf1 h6 16. Nf4 hxg5 17. hxg5 g6 18. Nxh5 gxh5 19. Rh4 Nf8 20. Rfh1 Ng6
21. Rxh5 Rxh5 22. Rxh5 Nd7 23. Ne4 Bxd2+ 24. Kxd2 Ke7 25. Ke3 b5 26. f4 a5 27.
a4 Nb6 28. axb5 cxb5 29. Ba2 Na4 30. Rh7 Nxb2 31. f5 Nf8 32. f6+ Ke8 33. Rh8
Rd8 34. Bxe6 Nc4+ 35. Bxc4 bxc4 36. Nc5 Rd6 37. Ke4 c3 38. d5 a4 39. Nxa4 1-0

[Event "Quebec-ch qual. 2"]
[Site "Montreal CAN"]
[Date "2006.05.20"]
[Round "3"]
[White "Malveau, Cedric"]
[Black "Gilbert, Erick"]
[Result "1/2-1/2"]
[WhiteElo "2041"]
[BlackElo "1860"]
[PlyCount "44"]
[EventDate "2006.05.19"]
[EventType "swiss"]
[EventRounds "5"]
[EventCountry "CAN"]

1. d4 Nf6 2. Nf3 e6 3. c4 c5 4. Nc3 cxd4 5. Nxd4 a6 6. a3 d5 7. e3 dxc4 8. Bxc4
Bd6 9. Be2 O-O 10. Bd2 e5 11. Nf3 Qc7 12. e4 h6 13. O-O Nc6 14. Rc1 Be6 15. Be3
Qd7 16. Qd2 Be7 17. Rfd1 Qxd2 18. Rxd2 Rfd8 19. Rcd1 Bb3 20. Rxd8+ Rxd8 21.
Rxd8+ Bxd8 22. Nd2 Be6 1/2-1/2

[Event "Quebec-ch qual. 2"]
[Site "Montreal CAN"]
[Date "2006.05.21"]
[Round "4"]
[White "Aroutiunian, Tigran"]
[Black "Gauthier, Denis"]
[Result "1-0"]
[WhiteElo "2123"]
[BlackElo "1992"]
[PlyCount "56"]
[EventDate "2006.05.19"]
[EventType "swiss"]
[EventRounds "5"]
[EventCountry "CAN"]

1. e4 c5 2. Nf3 e6 3. d4 cxd4 4. Nxd4 Nc6 5. Nc3 Qc7 6. Be3 a6 7. Be2 Nf6 8.
O-O Bb4 9. f3 O-O 10. Kh1 b5 11. a4 Bxc3 12. bxc3 bxa4 13. Rxa4 Bb7 14. Qd2 d5
15. Nb3 Rfd8 16. Qe1 Ne7 17. Nc5 Bc6 18. Rxa6 dxe4 19. Rxa8 Bxa8 20. fxe4 Nxe4
21. Nxe4 Bxe4 22. Qf2 Nd5 23. Bd4 Bg6 24. c4 Ne7 25. Bb6 Qd7 26. Bxd8 Qxd8 27.
Rd1 Qc7 28. Qc5 Qb8 1-0

[Event "Quebec-ch qual. 2"]
[Site "Montreal CAN"]
[Date "2006.05.21"]
[Round "4"]
[White "Dominique, Vladimir"]
[Black "Libersan, Thierry"]
[Result "0-1"]
[WhiteElo "1734"]
[BlackElo "2174"]
[PlyCount "130"]
[EventDate "2006.05.19"]
[EventType "swiss"]
[EventRounds "5"]
[EventCountry "CAN"]

1. e4 c5 2. Nf3 e6 3. d4 cxd4 4. Nxd4 Nf6 5. Nc3 Nc6 6. Be3 Qc7 7. Be2 a6 8.
O-O b5 9. a3 Bb7 10. f4 Nxd4 11. Qxd4 d5 12. e5 Nd7 13. Qd2 Bc5 14. Bd4 Qb6 15.
Rad1 O-O 16. Kh1 Rac8 17. Qe3 g6 18. Rd2 Bxd4 19. Rxd4 Nb8 20. f5 exf5 21. Qd2
Qe6 22. Nxd5 Bxd5 23. Rxd5 Rxc2 24. Qxc2 Qxd5 25. Qc3 Re8 26. Rd1 Qxe5 27. Qxe5
Rxe5 28. Bf3 Nd7 29. Kg1 Nc5 30. b4 Ne4 31. Rd8+ Kg7 32. Ra8 Re6 33. h3 h5 34.
h4 Nc3 35. Bb7 Nb1 36. Bxa6 Nxa3 37. Bb7 Nc2 38. Ra5 Rb6 39. Bf3 Nxb4 40. Be2
Nc6 41. Rxb5 Rxb5 42. Bxb5 Nd4 43. Ba6 f4 44. Kh2 Nf5 45. Kh3 Kf6 46. Bb7 Ke5
47. Ba8 f6 48. Bf3 Nd4 49. Bd1 Nf5 50. Bf3 Ng3 51. Bb7 g5 52. hxg5 fxg5 53. Kh2
g4 54. Kg1 Ne4 55. Bc6 Kd4 56. Be8 Nf6 57. Bc6 Ke3 58. Bb7 Ne4 59. Bc8 f3 60.
gxf3 Kxf3 61. Bb7 h4 62. Bc8 Kg3 63. Bxg4 Kxg4 64. Kh2 h3 65. Kh1 Kg3 0-1

[Event "Quebec-ch qual. 2"]
[Site "Montreal CAN"]
[Date "2006.05.21"]
[Round "4"]
[White "Le Duin, Thierry"]
[Black "Forget, David"]
[Result "1-0"]
[WhiteElo "2091"]
[BlackElo "1971"]
[PlyCount "115"]
[EventDate "2006.05.19"]
[EventType "swiss"]
[EventRounds "5"]
[EventCountry "CAN"]

1. d4 d5 2. Nf3 c6 3. c3 Nf6 4. Qc2 g6 5. Nh4 Nbd7 6. Bf4 Bg7 7. e3 Ne4 8. Nf3
O-O 9. Bd3 Ndf6 10. h3 c5 11. Be5 c4 12. Bxe4 Nxe4 13. Bxg7 Kxg7 14. Nbd2 Bf5
15. Nh4 Ng3 16. Nxf5+ Nxf5 17. e4 dxe4 18. Qxe4 Nd6 19. Qe5+ f6 20. Qe6 b5 21.
O-O Re8 22. a4 a6 23. axb5 axb5 24. Rfe1 Rxa1 25. Rxa1 Qb6 26. Ne4 b4 27. Nxd6
Qxd6 28. Qxc4 bxc3 29. bxc3 Rb8 30. Re1 Rb2 31. Qe6 Qxe6 32. Rxe6 Kf7 33. Rc6
Rb1+ 34. Kh2 Rc1 35. Kg3 Rc2 36. Kf3 Ke8 37. d5 Kd7 38. c4 Rb2 39. g3 Rc2 40.
h4 Rd2 41. g4 Rd3+ 42. Kg2 Rd4 43. f3 Rd2+ 44. Kg3 Rd1 45. g5 Rg1+ 46. Kf4 e5+
47. Ke4 Re1+ 48. Kd3 fxg5 49. hxg5 Rg1 50. Rf6 Rxg5 51. Rf7+ Kd6 52. Rxh7 Rf5
53. Rh3 Rf4 54. Rg3 Kc5 55. Rxg6 Rd4+ 56. Ke3 Rxc4 57. Rc6+ Kxd5 58. Rxc4 1-0